Central Library OPAC University of Rajshahi

The religion and philosophy of the Veda and Upanishads / (Record no. 1702)

MARC details
000 -LEADER
fixed length control field 00852cam a2200265 a 4500
001 - CONTROL NUMBER
control field 1702
003 - CONTROL NUMBER IDENTIFIER
rucl marc code BD-RjUL
005 - DATE AND TIME OF LATEST TRANSACTION
control field 20211208233407.0
008 - FIXED-LENGTH DATA ELEMENTS--GENERAL INFORMATION
fixed length control field 150411r19761925ctu b 001 0 eng
035 ## - SYSTEM CONTROL NUMBER
System control number (BD-RjUL)1729
040 ## - CATALOGING SOURCE
Original cataloging agency DLC
Transcribing agency DLC
Modifying agency DLC
-- BD-RjUL
Language of cataloging eng
041 ## - LANGUAGE CODE
Language code of text/sound track or separate title eng
082 00 - DEWEY DECIMAL CLASSIFICATION NUMBER
Classification number 294.5921
Edition number 19
Author mark and year KER
100 1# - MAIN ENTRY--PERSONAL NAME
Personal name Keith, Arthur Berriedale,
Dates associated with a name 1879-1944.
9 (RLIN) 5639
245 14 - TITLE STATEMENT
Title The religion and philosophy of the Veda and Upanishads /
Statement of responsibility, etc. Arthur Berriedale Keith.
Number of part/section of a work Vol.31
260 ## - PUBLICATION, DISTRIBUTION, ETC. (IMPRINT)
Place of publication, distribution, etc. Delhi :
Name of publisher, distributor, etc. MOTILAL BANARSIDASS,
Date of publication, distribution, etc. 1925 [Reprinted1976]
300 ## - PHYSICAL DESCRIPTION
Pagination xviii, 312 p. ;
Size 27 cm.
490 ## - SERIES STATEMENT
Series statement Harvard oriental series,
Volume/sequential designation v. 31
500 ## - GENERAL NOTE
General note Reprint of the 1925 ed.
504 ## - BIBLIOGRAPHY, ETC. NOTE
Bibliography, etc Includes bibliographical references.
650 #0 - SUBJECT ADDED ENTRY--TOPICAL TERM
Topical term or geographic name as entry element Hindu philosophy.
9 (RLIN) 5119
651 #0 - SUBJECT ADDED ENTRY--GEOGRAPHIC NAME
Geographic name India
General subdivision Religion.
9 (RLIN) 5640
942 ## - ADDED ENTRY ELEMENTS (KOHA)
Source of classification or shelving scheme Dewey Decimal Classification
Koha item type Books
Holdings
Lost status Source of classification or shelving scheme Damaged status Not for loan Collection code Permanent Location Current Location Shelving location Date acquired Source of acquisition Cost, normal purchase price Total Checkouts Full call number Date last seen Copy number Koha item type
  Dewey Decimal Classification   Not For Loan Non-fiction Central Library, University of Rajshahi Central Library, University of Rajshahi Reading Room 15/09/1981 India int calulte 80.00   294.5921 KER V-31 1976 08/12/2013 C-1 Books